000 00437ntaaa2200181 4500
003 01
005 20251027202358.0
008 0714s1973 ag 01
040 _aAR-BaBN
_bspa
_cAR-BaBN
_eaacr
_dRIC
082 _a282.0100 C23
100 _aCarson, H.M.
245 _aRoman catholicism today
250 _a1 ed.
260 _aLondon :
_bInter-Varsity Fellowship,
_cc1966
300 _a128 p
650 _acatolicismo
_9316
942 _cBK
999 _c18676
_d18676